01123cam a22002771 4500001001300000003000400013005001700017008004100034010001700075035001900092040001700111042001200128043001200140050001700152082001000169100002800179245016900207260010300376300004600479410010300525650002600628651003400654651002700688700004700715710008300762med48000112 DLC20260227111609.0790418s1947 lauab 000 0 eng  amed48000112  a(OCoLC)4871250 aDLCcLUdDLC apremarc an-us-la00aRA981.L6bH5 a362.11 aHitt, Homer Lee,d1916-04aThe social aspects of hospital planning in Louisianac[by] Homer L. Hitt and Alvin L. Bertrand, Dept. of Rural Sociology, Louisiana Agricultural Experiment Station. a[Baton Rouge]bPub. in cooperation with Health and Hospital Division, Off. of the Governor,c1947. ax, 105 p.billus., maps (1 fold.)c28 cm.10aLouisiana.bOffice of the Governor.bHealth and Hospital Division.tLouisiana study series,vno. 1 0aHospitalszLouisiana. 0aLouisianaxSocial conditions. 0aLouisianavStatistics.1 aBertrand, Alvin Lee,d1918-ejoint author.2 aLouisiana State University (Baton Rouge, La.).bDepartment of Rural Sociology.